000 00704nam a22001097a 4500
008 110607t xxu||||| |||| 00| 0 eng d
010 _aSCCAF10
245 _aSuprime Court Civil Appeal No.4 1999 Habre International Co. Ltd vs Ebrahim Alakia Kassam and others
260 _c1999
500 _aCORAM: Wambuzi C.J., Karokora , Mulenga Kanyeimba, Mukasa Kikonyogo, J.J.S.C.
500 _aAppeal from the judgment /Decree of the court of Appeal before Justice Mayindo D.C.J Okello and Engwau , JJA,dated 2 December 1998 in Civil Appeal No. 4 of 1997 arising from the Judgment and Decree of high court of Uganda by Justice Mpagi - Bahigeine, J. dated 9 January 1996 in High Court Civil Suit No. 199 of1992
999 _c2464
_d2464